header

Galectins (Record no. 77319)

MARC details
000 -LEADER
fixed length control field 01328nam a22003494a 4500
082 04 - DEWEY DECIMAL CLASSIFICATION NUMBER
Classification number 572/.69
245 00 - TITLE STATEMENT
Title Galectins
260 ## - PUBLICATION, DISTRIBUTION, ETC. (IMPRINT)
Place of publication Hoboken, N.J. :
Name of publisher John Wiley & Sons,
Year of publication c2008.
300 ## - PHYSICAL DESCRIPTION
Number of Pages xi, 279 p., [8] p. of plates :
Other physical details ill. (some col.).
650 #0 - SUBJECT ADDED ENTRY--TOPICAL TERM
Topical Term Lectins.
Topical Term Galactose.
700 1# - ADDED ENTRY--PERSONAL NAME
Personal name Klesov, A. A.
Personal name Witczak, Zbigniew J.,
Personal name Platt, David,
856 40 - ELECTRONIC LOCATION AND ACCESS
Uniform Resource Identifier http://site.ebrary.com/lib/rucke/Doc?id=10296375

No items available.

© 2026 Rongo University
Contact us: librarian | system librarian | Rongo university